00566nam a22001457a 4500003000400000005001700004008004100021040001400062100003600076245014300112260000900255300003000264500009900294504002700393OSt20171010095500.0120720t xxu||||| |||| 00| 0 eng d aMMSUcULS aQuibuyen, Kristelle Joy Ann B.  aDiuretic effect of mature kantutai (Paederia foefida Linn.) leaf extract on guinea pigs (Cavia porcellus) cKristelle Joy Ann B. Quibuyen  c2008 a[xiv], 44 leaves c28 cm. aThesis (BS Biology) -- Mariano Marcos State University-College of Arts & Sciences, Batac City  aBibliography: leaf 26